Państwa na literę M - Statystyki

Ogólne statystyki
  • Ten quiz został rozwiązany 63 razy
    58 od ostatniego zresetowania
  • Średni wynik to 10 z 16
Statystyki odpowiedzi
Państwa % Poprawnych
MacedoniaPółnocna
77%
Malta
70%
Mauritius
70%
Monako
70%
Malezja
67%
Mali
67%
Maroko
67%
Madagaskar
65%
Mołdawia
65%
Mauretania
63%
Meksyk
60%
Mongolia
58%
Mozambik
58%
Malawi
51%
Mikronezja
51%
Malediwy
49%
Nie znaleziono quizów pasujących do podanych kryteriów
Rozkład punktacji
Procent ludzi z każdym wynikiem
Percentyl według liczby udzielonych odpowiedzi
Twoja historia wyników
Nie rozwiązałeś tego quizu od ostatniego zresetowania